Logo

OPEN PUBLIC ACCESS CATALOGUE

Exploring Strategy 13/e (Record no. 45)

MARC details
000 -LEADER
fixed length control field 00289nam a2200145Ia 4500
005 - DATE AND TIME OF LATEST TRANSACTION
control field 20260513122051.0
020 ## - INTERNATIONAL STANDARD BOOK NUMBER
International Standard Book Number 9781292428741
100 ## - MAIN ENTRY--PERSONAL NAME
Personal name Angwin
245 ## - TITLE STATEMENT
Title Exploring Strategy 13/e
260 ## - PUBLICATION, DISTRIBUTION, ETC.
Name of publisher, distributor, etc. Pearson
365 ## - TRADE PRICE
Currency code £
365 ## - TRADE PRICE
Price amount 25.00
942 ## - ADDED ENTRY ELEMENTS (KOHA)
Koha item type Book
Holdings
Withdrawn status Lost status Damaged status Not for loan Home library Current library Date acquired Cost, normal purchase price Inventory number Total checkouts Barcode Date last seen Cost, replacement price Price effective from Koha item type
        University of New South Wales University of New South Wales 05/08/2026 70.99 16697   000147 05/13/2026 70.99 05/13/2026 Book